Soziale Dimension im modernen Fremdsprachenunterricht
V predloženom príspevku chceme upriamiť pozornosť na dôležitosť vytvárania správnej sociálnej klímy v rámci vyučovacieho procesu, nakoľko sa domnievame, že ide o efektívny spôsob podpory rozvoja a zvyšovania úrovne sociálnej kompetencie u žiakov. Najmä v ére moderných médií a umelej inteligencie je...
Guardado en:
| Autor principal: | |
|---|---|
| Formato: | Capítulo de libro |
| Lenguaje: | alemán |
| Materias: | |
| Etiquetas: |
Sin Etiquetas, Sea el primero en etiquetar este registro!
|
MARC
| LEADER | 00000naa$a2200000$$$4500 | ||
|---|---|---|---|
| 001 | 0304294 | ||
| 005 | 20240924092413.4 | ||
| 041 | 0 | |a ger | |
| 044 | |a DE | ||
| 245 | 1 | 0 | |a Soziale Dimension im modernen Fremdsprachenunterricht |c Ingrid Kunovská |
| 520 | |a V predloženom príspevku chceme upriamiť pozornosť na dôležitosť vytvárania správnej sociálnej klímy v rámci vyučovacieho procesu, nakoľko sa domnievame, že ide o efektívny spôsob podpory rozvoja a zvyšovania úrovne sociálnej kompetencie u žiakov. Najmä v ére moderných médií a umelej inteligencie je sociálna kompetencia jednou z kľúčových kompetencií, ktoré majú okrem iného značný význam v procese výučby cudzích jazykov na vysokých školách, ako aj pri následnom uplatnení absolventov v spoločnosti a v pracovnom svete. | ||
| 610 | 2 | 0 | |a kompetentnosť sociálna |
| 610 | 2 | 0 | |a kompetencie |
| 610 | 2 | 0 | |a jazyky cudzie |
| 610 | 2 | 0 | |a vyučovanie |
| 610 | 2 | 0 | |a spoločnosť |
| 100 | 1 | |a Kunovská, Ingrid, 1976- | |